|
|
|
|
| LEADER |
00000nab a2200000 a 4500 |
| 001 |
vtls000037058 |
| 003 |
SK-MaSNL |
| 005 |
20260303023251.0 |
| 008 |
111103c1979 xo 0 slo |
| 015 |
|
|
|a SNBRB19rr/mm-uuuuu
|
| 035 |
|
|
|a CL0047153
|
| 040 |
|
|
|a SNKBUCL
|b slo
|c SNKBUCL
|e AACR2
|
| 041 |
0 |
|
|a slo
|
| 044 |
|
|
|a xo
|c SK
|
| 080 |
|
|
|a 329.15(4-11)
|2 1981
|
| 080 |
|
|
|a 92 Živkov, Todor
|2 1981
|
| 245 |
0 |
0 |
|a Srdečne u nás vítame bulharských súdruhov. /Živkov, Todor./
|b Dnes prichádza do ČSSR stranícka a štátna delegácia BĽR vedená súdruhom T. Živkovom
|
| 300 |
|
|
|b Obr. 1.
|
| 600 |
1 |
7 |
|a Živkov, Todor
|d 1911-1998
|2 snkbucl
|9 74517
|
| 655 |
|
7 |
|a články z novín a časopisov
|2 snkbucl
|9 267496
|
| 773 |
0 |
|
|t Pravda
|g Roč. 60, č. 215 (12. 9. 1979), s. 1
|
| 850 |
|
|
|a Slovenská národná knižnica v Martine
|a MTA001
|
| 852 |
|
|
|a SNK
|b KIS3GCP
|
| 958 |
|
|
|a RK
|
| 992 |
|
|
|a RBX
|
| 999 |
|
|
|c 1633521
|d 1635451
|